| 000 | 00603nam a2200217 a 4500 | ||
|---|---|---|---|
| 001 | BRCA_6256 | ||
| 005 | 20190320205403.0 | ||
| 008 | 210711s1894----u--a######---#000-0#eng-# | ||
| 041 | _aeng | ||
| 044 | _au | ||
| 050 | 4 |
_aF908 _b.S39 1894 |
|
| 100 | 1 |
_aSchwatka, Frederick _915708 |
|
| 245 | 1 | 0 |
_aA summer in Alaska _cFrederick Schwatka. |
| 260 |
_aSt. Louis, Misuri _bJ. W. Henry _c1894 |
||
| 300 |
_a418 p. _bil. _c23 cm. |
||
| 500 | _aIncluye índice de ilustraciones e índice alfabético | ||
| 500 | _aK119 | ||
| 651 | 4 |
_aAlaska _xDescripción y viajes _915709 |
|
| 902 | _aGFM | ||
| 942 |
_2lcc _cB |
||
| 999 |
_c5943 _d5943 |
||